Musia zrušiť 200 lôžok za tri mesiace vyrobila Univerzitná nemocnica sekeru

Bibliographic Details
Format: Article
Language:Slovak
PhysicalDescription:Fotogr.
ISSN:1335-4655
Subjects:

MARC

LEADER 00000nab a2200000 ar4500
001 vtls010285233
003 SK-MaSNL
005 20260303210803.0
008 110610c20110521xo mr|p|||||||000 b|slo
038 |a SNSK 
040 |b slo  |c SNSK  |e AACR2 
041 |a slo 
044 |a xo  |c SK 
080 |a 725.51  |x (437.671)  |2 2001 
080 |a 35.073.527  |2 2001 
245 0 0 |a Musia zrušiť 200 lôžok  |b za tri mesiace vyrobila Univerzitná nemocnica sekeru  |c [autor](kz, foto autor) 
300 |b Fotogr. 
610 2 7 |a Univerzitná nemocnica L. Pasteura Košice  |2 snsk  |9 155401 
650 0 7 |a úsporné opatrenia  |2 snsk  |9 1038409 
650 0 7 |a dlhy  |2 snsk  |9 441591 
651 7 |a Košice (Slovensko)  |2 snsk  |9 18694 
773 0 |t Nový Čas  |g Roč. 21, č. 117 (21.5.2011), s. 10  |x 1335-4655 
852 |a SNSK  |b KIS3GCP 
999 |c 2201699  |d 2203629